Atenció al ciutadà : manual de consulta / [text: Verdú Ledesma] manual de consulta / [text:
Descripción Física:
97 p. ; 30 cm
Colección:
Manuals de formació municipal ; 2
MARC
| LEADER | 00000nam a2200000Ia 4500 | ||
|---|---|---|---|
| 001 | 17176 | ||
| 008 | 160829s2005 xx 000 0 cat d | ||
| 080 | |a M-5-171 | ||
| 100 | |a Ledesma, Verdú |9 24965 | ||
| 245 | |a Atenció al ciutadà : |b manual de consulta / [text: |b Verdú Ledesma] | ||
| 260 | |a Barcelona : |b Institut d'Edicions. Diputació de Barcelona, |c 2005 | ||
| 300 | |a 97 p. ; |c 30 cm | ||
| 490 | |a Manuals de formació municipal ; 2 | ||
| 590 | |a A la contracoberta: Servei de Formació Local | ||
| 650 | |a Servei d'atenció al públic |9 30796 | ||
| 650 | 0 | |a Administració local |x Barcelona (Catalunya : Província) |9 30797 | |
| 710 | |a Barcelona (Catalunya : Província). |b Servei de Formació Local |9 53659 | ||
| 901 | |a Arxiu | ||
| 942 | |n 1 | ||
| 952 | |0 0 |1 0 |4 0 |6 M5171 |7 1 |9 45529 |a Arxiu |b Arxiu |d 2016-12-01 |l 0 |o M-5-171 |p 17176 |r 2016-12-01 00:00:00 |w 2016-12-01 |y ARXIU | ||
| 999 | |c 48694 |d 48694 | ||